000 00635nam a2200241Ia 4500
003 OSt
005 20220924152844.0
006 a|||||r|||| 00| 0
007 ta
008 220923b |||||||| |||| 00| 0 per d
024 _a345307
037 _cTextual
040 _aARTS
_cARTS
_bper
041 _2per
_aper
082 _aY73(P165):381, 164K1
100 _aKahzad Ahmad Ali Au.
245 0 _aDarfash milli jamhoori
260 _c1961
650 _a SOCIOLOGY
650 _aAFGHANI LANGUAGE
_9227666
942 _hY73(P165):381, 164K1
_cTEXL
_2CC
999 _c471294
_d471294